Group and Nets of Group Relations
| Titel: | Group and Nets of Group Relations |
|---|---|
| Verfasser: | |
| In: |
Ethnology in Slovakia at the beginning of the 21st century, (2005), Seite 170-174 alle Artikel anzeigen |
| Veröffentlicht: | 2005 |
| Format: | Aufsatz |
| Sprache: | Englisch |
X
alg: 39171190 001A $01999:11-11-16 001B $01999:25-04-21 $t10:54:09.000 001D $01999:11-11-16 001U $0utf8 001X $00 002@ $0Aox 003@ $0391711903 007A $0391711903 $aHEB 007T $0Herdc0023729m 010@ $aeng 011@ $a2005 021A $aGroup and Nets of Group Relations 028A $aKandert $dJosef 031A $h170-174 $j2005 039B $aIn $8--Aaxaf--. Ethnology in Slovakia at the beginning of the 21st century. - Wien : Inst. für Europ. Ethnologie der Univ., 2005. - 229 S.. - graph. Darst.. - ISBN 3-902029-10-2 $x200500000000000830 $9180852833 045F $a306.094373 $eDDC23BSB 045F/01 $a306.09 045F/03 $g4373 lok: 39171190 78 exp: 39171190 78 1 #EPN 201B/01 $019-04-17 $t10:21:04.000 201U/01 $0utf8 203@/01 $0787806617 208@/01 $a11-11-16 $be 209A/01 $a/ $f000 $x00 220C/01 $aTitelaufnehmer: gk;sk 244Z/01 $2Trx $#Slowakische Republik $#Szlovák Köztársaság $#Republika Słowacka $#Slovenská Republika $#Slovensko $#Slowakei $#Słowacja $#Slovensko $8--Trx--Slovenská Republika $x01 $9391345796 244Z/01 $2Trx $#rahvastik liikumine ja struktuur $#gyventojai $#population migration, social stratification of the population $#népesség mozgalom és struktúra $#ludność ruch naturalny i struktura $#obyvateľstvo pohyb a štruktúra obyvateľstva $#obyvatelstvo pohyb a struktura obyvatelstva $#Sozialstruktur $#struktura społeczna $8--Trx--Bevölkerung$gBewegung und Struktur $x02 $9391372521 244Z/01 $2Trx $8--Trx--Einzelbeiträge $x03 $9391384570 245Z/01 $a09.08 $x01 247C/01 $82080>Marburg/Lahn, Herder-Institut, Forschungsbibliothek, Bibliographieportal $9336309341
| LEADER | 00000caa a22000002c 4500 | ||
|---|---|---|---|
| 001 | 391711903 | ||
| 003 | DE-603 | ||
| 005 | 20210425105409.0 | ||
| 007 | tu | ||
| 008 | 161111s2005 xx |||| | u00||u|eng c | ||
| 035 | |a (DE-599)HEB391711903 | ||
| 040 | |a DE-603 |b ger |c DE-603 |d DE-603 | ||
| 041 | |a eng | ||
| 082 | 0 | 4 | |8 1\u |a 306.094373 |q DE-101 |2 23/BSB |
| 085 | |8 1\u |b 306.09 | ||
| 085 | |8 1\u |z 2 |s 4373 | ||
| 100 | 1 | |a Kandert, Josef | |
| 245 | 0 | 0 | |a Group and Nets of Group Relations |
| 264 | 0 | |c 2005 | |
| 773 | 0 | 8 | |i In |t Ethnology in Slovakia at the beginning of the 21st century |d Wien : Inst. für Europ. Ethnologie der Univ., 2005 |h 229 S., graph. Darst. |z 3902029102 |g (2005), Seite 170-174 |w (DE-603)180852833 |
| 924 | 0 | |9 2080 |a (DE-603)787806617 |b DE-2080 |c HES |d d |g / | |


